[Event "Xtracon Invite Chess"]
[Site "Gilleleje"]
[Date "2020.01.14"]
[Round "2.1"]
[White "Hector, Jonny"]
[Black "Berkes, Ferenc"]
[Result "1/2-1/2"]
[WhiteElo "2481"]
[BlackElo "2649"]
[PlyCount "62"]
[EventDate "2020.01.??"]
[EventType "tourn"]
[EventRounds "9"]
[EventCountry "DEN"]

1. e4 c6 2. d4 d5 3. e5 Bf5 4. h4 h5 5. Bg5 Qb6 6. Bd3 Bxd3 7. Qxd3 Qa6 8. Qh3
e6 9. Nc3 Ne7 10. Nge2 Nd7 11. O-O Nf5 12. a4 Qa5 13. Nd1 c5 14. c3 cxd4 15.
cxd4 Qb4 16. Ndc3 Qa5 17. Rfc1 a6 18. Rc2 Rc8 19. Rac1 Rc6 20. Kf1 g6 21. Qd3
Be7 22. Bxe7 Nxe7 23. b4 Qxb4 24. Rb1 Qc4 25. Qd2 b6 26. Rcc1 O-O 27. Nd1 Qxa4
28. Ra1 Qb3 29. Rab1 Qa4 30. Ra1 Qb3 31. Rab1 Qa4 1/2-1/2

[Event "Xtracon Invite Chess"]
[Site "Gilleleje"]
[Date "2020.01.14"]
[Round "2.2"]
[White "Sylvan, Jacob"]
[Black "Thybo, Jesper Sondergaard"]
[Result "1/2-1/2"]
[WhiteElo "2325"]
[BlackElo "2579"]
[PlyCount "87"]
[EventDate "2020.01.??"]
[EventType "tourn"]
[EventRounds "9"]
[EventCountry "DEN"]

1. c4 e6 2. g3 d5 3. Bg2 Nf6 4. Nf3 dxc4 5. Qa4+ c6 6. Qxc4 b5 7. Qb3 Bb7 8.
O-O a6 9. d4 c5 10. dxc5 Nbd7 11. Rd1 Bxc5 12. Be3 Qe7 13. Bxc5 Nxc5 14. Qa3 a5
15. Rc1 b4 16. Qe3 Ncd7 17. Nbd2 O-O 18. Ne5 Bxg2 19. Kxg2 Nxe5 20. Qxe5 Qb7+
21. Kg1 Rfd8 22. Nf3 Rd5 23. Qe3 Rad8 24. Rc4 h6 25. Rac1 Rd1+ 26. Kg2 Rxc1 27.
Rxc1 Qd5 28. a3 b3 29. Rc5 Qd1 30. Rxa5 Qc2 31. Rb5 Ng4 32. Qxb3 Qxe2 33. Rb8
Rxb8 34. Qxb8+ Kh7 35. Qb6 e5 36. h3 Nf6 37. Qe3 Qxb2 38. Nxe5 Qa2 39. Qd3+ Kg8
40. Qc4 Qxa3 41. Qxf7+ Kh7 42. Ng6 Qa8+ 43. Kh2 Qf3 44. Nf8+ 1/2-1/2

[Event "Xtracon Invite Chess"]
[Site "Gilleleje"]
[Date "2020.01.14"]
[Round "2.3"]
[White "Yankelevich, Lev"]
[Black "Antonsen, Mikkel"]
[Result "1-0"]
[WhiteElo "2483"]
[BlackElo "2384"]
[PlyCount "79"]
[EventDate "2020.01.??"]
[EventType "tourn"]
[EventRounds "9"]
[EventCountry "DEN"]

1. d4 Nf6 2. c4 g6 3. Nc3 d5 4. Nf3 Bg7 5. h3 e6 6. cxd5 exd5 7. Bf4 O-O 8. e3
c6 9. Bd3 a5 10. O-O Nbd7 11. Rc1 Re8 12. Qb3 b5 13. Ne5 Qb6 14. Nxd7 Nxd7 15.
Bxb5 cxb5 16. Nxd5 Qb7 17. Nc7 Nf6 18. Nxe8 Nxe8 19. Rc5 b4 20. Rfc1 Be6 21. d5
a4 22. Qd3 Bd7 23. b3 axb3 24. axb3 Bb2 25. Rd1 Bc3 26. e4 Qb6 27. Be3 Qa6 28.
Qxa6 Rxa6 29. Bd4 Nd6 30. Bxc3 bxc3 31. Rc7 c2 32. Rc1 Bb5 33. e5 Nf5 34. R7xc2
Nd4 35. Rc8+ Kg7 36. Rd1 Nxb3 37. d6 Ra1 38. Rxa1 Nxa1 39. Rc1 Nb3 40. Rb1 1-0

[Event "Xtracon Invite Chess"]
[Site "Gilleleje"]
[Date "2020.01.14"]
[Round "2.4"]
[White "Kristensen, Kaare Hove"]
[Black "Sveshnikov, Evgeny"]
[Result "1/2-1/2"]
[WhiteElo "2350"]
[BlackElo "2483"]
[PlyCount "61"]
[EventDate "2020.01.??"]
[EventType "tourn"]
[EventRounds "9"]
[EventCountry "DEN"]

1. c4 e6 2. Nc3 d5 3. d4 Nf6 4. Nf3 c6 5. e3 Nbd7 6. Qc2 Bd6 7. Be2 O-O 8. b3
b6 9. O-O Bb7 10. Bb2 Rc8 11. e4 Nxe4 12. Nxe4 dxe4 13. Qxe4 Nf6 14. Qh4 Qe7
15. Rad1 Nd7 16. Qxe7 Bxe7 17. Ne5 Rfd8 18. Bf3 Ba8 19. Bc3 Nxe5 20. dxe5 c5
21. Rxd8+ Rxd8 22. Bxa8 Rxa8 23. Rd1 Kf8 24. Rd7 Ke8 25. Rb7 Rd8 26. Kf1 Rd3
27. Be1 Rd7 28. Rxd7 Kxd7 29. Ke2 Kc6 30. Kd3 a6 31. Bc3 1/2-1/2

[Event "Xtracon Invite Chess"]
[Site "Gilleleje"]
[Date "2020.01.14"]
[Round "2.5"]
[White "Olsen, Filip Boe"]
[Black "Brunello, Sabino"]
[Result "0-1"]
[WhiteElo "2353"]
[BlackElo "2536"]
[PlyCount "44"]
[EventDate "2020.01.??"]
[EventType "tourn"]
[EventRounds "9"]
[EventCountry "DEN"]

1. d4 Nf6 2. c4 e6 3. Nc3 Bb4 4. Qc2 O-O 5. Nf3 c5 6. dxc5 Na6 7. g3 Nxc5 8.
Bg2 d5 9. a3 Bxc3+ 10. Qxc3 Bd7 11. cxd5 Rc8 12. Nd4 Nxd5 13. Qf3 Ne7 14. Qe3
e5 15. Qxe5 Re8 16. Qg5 h6 17. Qd2 Nf5 18. Nxf5 Nb3 19. Nd6 Nxd2 20. Bxd2 Rc2
21. Rd1 Ba4 22. Nxb7 Qxd2+ 0-1

[Event "Xtracon Invite Chess"]
[Site "Gilleleje"]
[Date "2020.01.14"]
[Round "3.1"]
[White "Brunello, Sabino"]
[Black "Yankelevich, Lev"]
[Result "1/2-1/2"]
[WhiteElo "2536"]
[BlackElo "2483"]
[PlyCount "63"]
[EventDate "2020.01.??"]
[EventType "tourn"]
[EventRounds "9"]
[EventCountry "DEN"]

1. e4 e5 2. Nf3 Nc6 3. Bc4 Nf6 4. d3 h6 5. c3 d6 6. Bb3 g6 7. Nbd2 Bg7 8. Nf1
O-O 9. Ng3 Na5 10. Bc2 c5 11. h4 h5 12. Bg5 Nc6 13. Bb3 Re8 14. Nf1 Be6 15. Ne3
Qd7 16. Bxe6 Qxe6 17. Bxf6 Bxf6 18. Nd5 Bd8 19. Nd2 Ne7 20. Nxe7+ Bxe7 21. Nc4
d5 22. Ne3 dxe4 23. dxe4 c4 24. Qd5 Qxd5 25. Nxd5 Rac8 26. f3 f5 27. g4 Kf7 28.
exf5 gxf5 29. g5 Red8 30. O-O-O Ke6 31. Nxe7 Kxe7 32. Rhe1 1/2-1/2

[Event "Xtracon Invite Chess"]
[Site "Gilleleje"]
[Date "2020.01.14"]
[Round "3.2"]
[White "Berkes, Ferenc"]
[Black "Kristensen, Kaare Hove"]
[Result "1-0"]
[WhiteElo "2649"]
[BlackElo "2350"]
[PlyCount "49"]
[EventDate "2020.01.??"]
[EventType "tourn"]
[EventRounds "9"]
[EventCountry "DEN"]

1. d4 d5 2. Bf4 c5 3. e3 Nc6 4. c3 cxd4 5. exd4 f6 6. Bg3 Nh6 7. Nf3 g6 8. c4
e6 9. Nc3 Nf5 10. Bd3 Bb4 11. O-O Nxg3 12. hxg3 O-O 13. Re1 e5 14. Qb3 Bxc3 15.
Qxc3 Bg4 16. cxd5 Bxf3 17. dxc6 exd4 18. Qc4+ Bd5 19. c7 Qd7 20. Qxd4 Qf7 21.
Qc5 b6 22. Qd6 Bb7 23. Re7 Qd5 24. Qxd5+ Bxd5 25. Ba6 1-0

[Event "Xtracon Invite Chess"]
[Site "Gilleleje"]
[Date "2020.01.14"]
[Round "3.3"]
[White "Thybo, Jesper Sondergaard"]
[Black "Olsen, Filip Boe"]
[Result "1-0"]
[WhiteElo "2579"]
[BlackElo "2353"]
[PlyCount "73"]
[EventDate "2020.01.??"]
[EventType "tourn"]
[EventRounds "9"]
[EventCountry "DEN"]

1. d4 Nf6 2. c4 e6 3. g3 c5 4. Nf3 cxd4 5. Nxd4 d5 6. Bg2 e5 7. Nf3 d4 8. O-O
Nc6 9. e3 Be7 10. exd4 exd4 11. Bf4 O-O 12. Ne5 Qb6 13. Re1 Be6 14. Nd2 Nxe5
15. Rxe5 a6 16. Qb3 Qxb3 17. Nxb3 Nd7 18. Ree1 g5 19. Bd2 Bf6 20. Bxb7 Rab8 21.
Bxa6 Ne5 22. Nxd4 Bxc4 23. Bxg5 Bg7 24. Bxc4 Nxc4 25. Nf5 Bxb2 26. Rab1 f6 27.
Bh6 Rfe8 28. Rxe8+ Rxe8 29. Ne3 Nxe3 30. Bxe3 Ba3 31. Rb7 Rd8 32. Kg2 Ra8 33.
Ra7 Rxa7 34. Bxa7 Kf7 35. Kf3 Ke6 36. Kg4 Kf7 37. Kf5 1-0

[Event "Xtracon Invite Chess"]
[Site "Gilleleje"]
[Date "2020.01.14"]
[Round "3.4"]
[White "Antonsen, Mikkel"]
[Black "Hector, Jonny"]
[Result "1-0"]
[WhiteElo "2384"]
[BlackElo "2481"]
[PlyCount "83"]
[EventDate "2020.01.??"]
[EventType "tourn"]
[EventRounds "9"]
[EventCountry "DEN"]

1. d4 d5 2. Nf3 Nf6 3. c4 c6 4. e3 Bf5 5. Nc3 e6 6. Nh4 Be4 7. f3 Bg6 8. Qb3
Qc7 9. Bd2 Be7 10. cxd5 cxd5 11. Nxg6 hxg6 12. O-O-O Nc6 13. Kb1 a6 14. Rc1 Rc8
15. g4 Nd7 16. f4 b5 17. Qd1 Nb6 18. h4 Nc4 19. h5 gxh5 20. f5 Qd6 21. fxe6
fxe6 22. gxh5 N6a5 23. b3 Qb4 24. Be1 Na3+ 25. Ka1 Qd6 26. Ne2 Nc6 27. Nf4 Bf6
28. Bh3 Bxd4+ 29. exd4 Qxf4 30. Bxe6 Rc7 31. Rh4 Qf6 32. Rxc6 Rxc6 33. Bxd5 Rc7
34. Re4+ Re7 35. Bb4 Rxe4 36. Bxe4 Qh4 37. Bg6+ Kd7 38. Bxa3 Rb8 39. Bc5 b4 40.
Qf1 Rd8 41. Qf7+ Kc6 42. Qe6+ 1-0

[Event "Xtracon Invite Chess"]
[Site "Gilleleje"]
[Date "2020.01.15"]
[Round "4.1"]
[White "Sylvan, Jacob"]
[Black "Berkes, Ferenc"]
[Result "0-1"]
[WhiteElo "2325"]
[BlackElo "2649"]
[PlyCount "84"]
[EventDate "2020.01.??"]
[EventType "tourn"]
[EventRounds "9"]
[EventCountry "DEN"]

1. c4 e5 2. g3 Nf6 3. Bg2 c6 4. Nf3 d6 5. O-O Nbd7 6. Nc3 Be7 7. e4 O-O 8. h3
b5 9. cxb5 cxb5 10. Nxb5 Rb8 11. Nc3 Ba6 12. d3 Nc5 13. Ne1 Qd7 14. f4 Rfc8 15.
f5 d5 16. exd5 e4 17. dxe4 Bxf1 18. Kxf1 Bd6 19. Nd3 Bxg3 20. Nxc5 Rxc5 21. Qd3
Be5 22. Be3 Rcc8 23. Bd4 Bxd4 24. Qxd4 Rxb2 25. Nd1 Qb5+ 26. Kg1 Rb4 27. Qe3
Rb1 28. Rxb1 Qxb1 29. Bf3 Rc1 30. Qd4 Qb6 31. Qxb6 axb6 32. d6 Nd7 33. Kf2 Rc6
34. Ne3 Rxd6 35. Nd5 Kf8 36. Ke3 Rh6 37. Bg2 Rc6 38. Bf1 Nf6 39. Kd4 Nxd5 40.
Kxd5 Rc1 41. Bc4 f6 42. a4 Ke7 0-1

[Event "Xtracon Invite Chess"]
[Site "Gilleleje"]
[Date "2020.01.15"]
[Round "4.2"]
[White "Antonsen, Mikkel"]
[Black "Brunello, Sabino"]
[Result "1/2-1/2"]
[WhiteElo "2384"]
[BlackElo "2536"]
[PlyCount "119"]
[EventDate "2020.01.??"]
[EventType "tourn"]
[EventRounds "9"]
[EventCountry "DEN"]

1. d4 d5 2. c4 c6 3. Nf3 Nf6 4. e3 Bf5 5. Nc3 e6 6. Nh4 Bg6 7. Nxg6 hxg6 8. Rb1
Bd6 9. c5 Bc7 10. g3 e5 11. Bg2 Nbd7 12. O-O g5 13. b4 g4 14. e4 exd4 15. Qxd4
Be5 16. Qd3 d4 17. Ne2 a5 18. a3 axb4 19. axb4 Nf8 20. Bf4 Ng6 21. Bxe5 Nxe5
22. Qxd4 Qxd4 23. Nxd4 g6 24. b5 Nfd7 25. Ra1 Ke7 26. Rxa8 Rxa8 27. h3 Ra4 28.
Ne2 Nf3+ 29. Kh1 Nxc5 30. bxc6 bxc6 31. hxg4 Nd2 32. Rd1 Ndxe4 33. Kg1 Ne6 34.
Re1 Kd6 35. f4 f6 36. f5 gxf5 37. gxf5 N6g5 38. g4 c5 39. Nf4 Nd2 40. Rd1 Rd4
41. Kh1 Rxf4 42. Rxd2+ Rd4 43. Rxd4+ cxd4 44. Kg1 Kc5 45. Kf2 Kc4 46. Ke2 Kc3
47. Bc6 Nf7 48. Bb5 Ne5 49. g5 fxg5 50. f6 Kc2 51. Ba6 Kc3 52. Bb5 Kb4 53. Be8
Kc3 54. Bb5 d3+ 55. Bxd3 Nxd3 56. f7 Nf4+ 57. Kf3 Ne6 58. Kg4 Kd4 59. f8=Q Nxf8
60. Kxg5 1/2-1/2

[Event "Xtracon Invite Chess"]
[Site "Gilleleje"]
[Date "2020.01.15"]
[Round "4.3"]
[White "Yankelevich, Lev"]
[Black "Thybo, Jesper Sondergaard"]
[Result "1/2-1/2"]
[WhiteElo "2483"]
[BlackElo "2579"]
[PlyCount "77"]
[EventDate "2020.01.??"]
[EventType "tourn"]
[EventRounds "9"]
[EventCountry "DEN"]

1. d4 Nf6 2. c4 e6 3. Nf3 d5 4. Nc3 dxc4 5. e4 Bb4 6. Bxc4 Nxe4 7. O-O Nf6 8.
Qa4+ Nc6 9. Ne5 a5 10. d5 exd5 11. Nxd5 Nxd5 12. Nxc6 bxc6 13. Qxc6+ Bd7 14.
Qxd5 O-O 15. Bf4 Be6 16. Qxd8 Raxd8 17. Bxe6 fxe6 18. Be3 Bd2 19. Rfd1 Bxe3 20.
fxe3 Kf7 21. Rxd8 Rxd8 22. Rc1 Kf6 23. Rc2 a4 24. Kf2 a3 25. bxa3 Rd3 26. Rxc7
Rxa3 27. Rc2 h5 28. Kf3 Kf5 29. h3 g5 30. g4+ hxg4+ 31. hxg4+ Ke5 32. Rb2 Ra4
33. Rh2 Kf6 34. Rh6+ Kf7 35. Rh2 Kf6 36. Rf2 Ke5 37. Rb2 Kf6 38. Rh2 Kf7 39.
Rf2 1/2-1/2

[Event "Xtracon Invite Chess"]
[Site "Gilleleje"]
[Date "2020.01.15"]
[Round "4.5"]
[White "Hector, Jonny"]
[Black "Kristensen, Kaare Hove"]
[Result "1-0"]
[WhiteElo "2481"]
[BlackElo "2350"]
[PlyCount "93"]
[EventDate "2020.01.??"]
[EventType "tourn"]
[EventRounds "9"]
[EventCountry "DEN"]

1. e4 c5 2. Nf3 g6 3. d4 cxd4 4. Nxd4 Bg7 5. Nc3 Nc6 6. Be3 Nf6 7. Bc4 O-O 8.
Bb3 a5 9. f3 d5 10. Bxd5 Nxd5 11. exd5 Nb4 12. Nde2 Bf5 13. Rc1 b5 14. O-O Rc8
15. Nd4 Rxc3 16. bxc3 Nxa2 17. Ra1 Nxc3 18. Qd2 Qc7 19. d6 exd6 20. Nxf5 gxf5
21. Bh6 Qc5+ 22. Kh1 Bxh6 23. Qxh6 a4 24. Qg5+ Kh8 25. g4 f4 26. Qxf4 a3 27.
Qf6+ Kg8 28. Rae1 a2 29. h4 Nb1 30. h5 Qxc2 31. Qg5+ Kh8 32. Qf6+ Kg8 33. Rc1
Qe2 34. Qg5+ Kh8 35. Qf6+ Kg8 36. Rfe1 Qd3 37. Qg5+ Kh8 38. Qf6+ Kg8 39. Kg2 h6
40. g5 hxg5 41. Rg1 Kh7 42. Rc7 Qd2+ 43. Kh3 Qf4 44. Qg6+ Kh8 45. Qh6+ Kg8 46.
Rxg5+ Qxg5 47. Qxg5+ 1-0

[Event "Xtracon Invite Chess"]
[Site "Gilleleje"]
[Date "2020.01.17"]
[Round "5.1"]
[White "Berkes, Ferenc"]
[Black "Olsen, Filip Boe"]
[Result "1-0"]
[WhiteElo "2649"]
[BlackElo "2353"]
[PlyCount "65"]
[EventDate "2020.01.??"]
[EventType "tourn"]
[EventRounds "9"]
[EventCountry "DEN"]

1. g3 Nf6 2. Bg2 d5 3. Nf3 c6 4. O-O Bf5 5. d3 e6 6. Nh4 Bg4 7. h3 Bh5 8. Qe1
Be7 9. f4 Nfd7 10. Nf3 f5 11. e4 O-O 12. Be3 Bxf3 13. Bxf3 Bc5 14. d4 dxe4 15.
Bxe4 fxe4 16. dxc5 Na6 17. Nc3 e5 18. f5 Ndxc5 19. b4 Nd7 20. Nxe4 Qe7 21. Rd1
Nb6 22. f6 Qxb4 23. Qxb4 Nxb4 24. Bc5 Nxc2 25. Bxf8 Kxf8 26. Rd6 Ne3 27. Rf3
Nec4 28. fxg7+ Kxg7 29. Rdf6 Rd8 30. Rf7+ Kg8 31. Rxb7 Rd1+ 32. Rf1 Rxf1+ 33.
Kxf1 1-0

[Event "Xtracon Invite Chess"]
[Site "Gilleleje"]
[Date "2020.01.17"]
[Round "5.2"]
[White "Brunello, Sabino"]
[Black "Hector, Jonny"]
[Result "1-0"]
[WhiteElo "2536"]
[BlackElo "2481"]
[PlyCount "79"]
[EventDate "2020.01.??"]
[EventType "tourn"]
[EventRounds "9"]
[EventCountry "DEN"]

1. e4 e5 2. Nf3 Nc6 3. Bc4 Nf6 4. d3 Bc5 5. h3 O-O 6. O-O d6 7. c3 Be6 8. Nbd2
Qd7 9. Re1 Rae8 10. Bxe6 fxe6 11. b4 Bb6 12. a4 a5 13. b5 Ne7 14. Nc4 Ng6 15.
d4 exd4 16. cxd4 Qd8 17. Nxb6 cxb6 18. Nh2 d5 19. f3 Nh5 20. Nf1 dxe4 21. Rxe4
Nf6 22. Bg5 h6 23. Bxf6 Qxf6 24. Qd2 Rd8 25. Rae1 Rd6 26. Ne3 Nf4 27. Kh2 Kh8
28. Nc4 Rdd8 29. Ne5 Kg8 30. g3 Nd5 31. f4 Qf5 32. g4 Qf6 33. Rf1 Rc8 34. Nd7
Qg6 35. f5 exf5 36. Nxf8 Qd6+ 37. Re5 Rxf8 38. Qa2 Rd8 39. Rfxf5 Qc7 40. Kg2
1-0

[Event "Xtracon Invite Chess"]
[Site "Gilleleje"]
[Date "2020.01.17"]
[Round "5.3"]
[White "Thybo, Jesper Sondergaard"]
[Black "Antonsen, Mikkel"]
[Result "1-0"]
[WhiteElo "2579"]
[BlackElo "2384"]
[PlyCount "105"]
[EventDate "2020.01.??"]
[EventType "tourn"]
[EventRounds "9"]
[EventCountry "DEN"]

1. c4 e6 2. Nf3 d5 3. e3 Nf6 4. Nc3 dxc4 5. Bxc4 c5 6. b3 a6 7. Bb2 Nc6 8. Rc1
Be7 9. Qc2 b6 10. Qb1 Bb7 11. Be2 Rc8 12. Rg1 Nd7 13. g4 Nde5 14. Nxe5 Nxe5 15.
Ne4 Qd5 16. d3 f5 17. gxf5 exf5 18. Rxg7 fxe4 19. dxe4 Qe6 20. Qa1 Nc6 21. Bh5+
Kd8 22. Rd1+ Kc7 23. Rxe7+ Qxe7 24. Bxh8 Qxe4 25. Qg7+ Kb8 26. Rd7 Qh1+ 27. Kd2
Na5 28. Qa1 Qg2 29. Be5+ Ka8 30. Be2 Bc6 31. Rd3 c4 32. Rc3 Qxf2 33. b4 Bf3 34.
Qe1 Qxe1+ 35. Kxe1 Bxe2 36. bxa5 Bd3 37. axb6 Kb7 38. Bc7 Rf8 39. Ra3 Rf1+ 40.
Kd2 Rf2+ 41. Kc3 Rc2+ 42. Kd4 Rd2 43. Kc3 Rc2+ 44. Kd4 Rd2 45. Ra5 Be2+ 46. Kc3
Rd7 47. e4 Rf7 48. Rf5 Rxf5 49. exf5 Bg4 50. f6 Be6 51. a4 a5 52. Kd4 Kc6 53.
Bd8 1-0

[Event "Xtracon Invite Chess"]
[Site "Gilleleje"]
[Date "2020.01.17"]
[Round "5.4"]
[White "Sveshnikov, Evgeny"]
[Black "Yankelevich, Lev"]
[Result "1/2-1/2"]
[WhiteElo "2483"]
[BlackElo "2483"]
[PlyCount "98"]
[EventDate "2020.01.??"]
[EventType "tourn"]
[EventRounds "9"]
[EventCountry "DEN"]

1. e4 e5 2. Nf3 Nc6 3. d4 exd4 4. Nxd4 Nf6 5. Nxc6 bxc6 6. Nd2 d5 7. exd5 cxd5
8. Bb5+ Bd7 9. Bxd7+ Qxd7 10. O-O Be7 11. c4 O-O 12. cxd5 Qxd5 13. Qc2 a5 14.
Nc4 a4 15. Bf4 Qb5 16. Rfe1 Nd5 17. Be5 Ra6 18. Rad1 Rc6 19. Qe4 Nf6 20. Bxf6
Bxf6 21. b3 axb3 22. axb3 Bc3 23. Rf1 Re6 24. Qd3 Bf6 25. Rfe1 Rxe1+ 26. Rxe1
Qb4 27. Re3 Qb5 28. g3 Rd8 29. Qe2 h6 30. Qf3 Qc5 31. Kg2 c6 32. Rd3 Rxd3 33.
Qxd3 Bd4 34. Qe4 Kf8 35. h4 g6 36. Qf3 Ke7 37. Qe4+ Kd7 38. Qf4 Qd5+ 39. f3 h5
40. Qe4 Qxe4 41. fxe4 c5 42. Kf3 Kc6 43. Kf4 Kb5 44. Nd6+ Kb4 45. Nxf7 Kxb3 46.
Nd6 c4 47. Nxc4 Kxc4 48. Kg5 Be5 49. Kxg6 Bxg3 1/2-1/2

[Event "Xtracon Invite Chess"]
[Site "Gilleleje"]
[Date "2020.01.17"]
[Round "6.1"]
[White "Yankelevich, Lev"]
[Black "Berkes, Ferenc"]
[Result "1/2-1/2"]
[WhiteElo "2483"]
[BlackElo "2649"]
[PlyCount "62"]
[EventDate "2020.01.??"]
[EventType "tourn"]
[EventRounds "9"]
[EventCountry "DEN"]

1. d4 Nf6 2. c4 e6 3. Nf3 d5 4. Nc3 Be7 5. Bf4 O-O 6. e3 c5 7. dxc5 Bxc5 8. Qc2
Nc6 9. Rd1 Qa5 10. a3 Rd8 11. Nd2 d4 12. Nb3 Qb6 13. Na4 Bb4+ 14. axb4 Qxb4+
15. Nd2 e5 16. Bg5 Qa5 17. Bxf6 gxf6 18. Qb3 Nb4 19. Be2 Bd7 20. Ra1 dxe3 21.
fxe3 b5 22. O-O bxa4 23. Qc3 f5 24. Nf3 f6 25. Nh4 Nc6 26. Qa3 e4 27. Bd1 Ne5
28. Bxa4 Qxa4 29. Qxa4 Bxa4 30. Rxa4 Rab8 31. Rb1 Ng4 1/2-1/2

[Event "Xtracon Invite Chess"]
[Site "Gilleleje"]
[Date "2020.01.17"]
[Round "6.2"]
[White "Brunello, Sabino"]
[Black "Thybo, Jesper Sondergaard"]
[Result "1/2-1/2"]
[WhiteElo "2536"]
[BlackElo "2579"]
[PlyCount "69"]
[EventDate "2020.01.??"]
[EventType "tourn"]
[EventRounds "9"]
[EventCountry "DEN"]

1. d4 Nf6 2. c4 e6 3. Nf3 d5 4. Nc3 dxc4 5. e3 a6 6. a4 c5 7. Bxc4 Nc6 8. O-O
Be7 9. Qe2 cxd4 10. Rd1 e5 11. exd4 exd4 12. Nxd4 Nxd4 13. Qe5 Qd6 14. Qxd6
Bxd6 15. Rxd4 Bc5 16. Rf4 Be6 17. Bxe6 fxe6 18. Rc4 Ba7 19. Kf1 O-O 20. f3 Rac8
21. Rb4 Rf7 22. Ke2 Bb8 23. h3 Be5 24. Bd2 Rd7 25. Rc1 Nh5 26. Be3 Ng3+ 27. Kf2
Nf5 28. Ne2 Rxc1 29. Bxc1 Rc7 30. g4 Nd4 31. Nxd4 Rxc1 32. Nxe6 Rc2+ 33. Ke3
Rxb2 34. Rxb2 Bxb2 35. Nc5 1/2-1/2

[Event "Xtracon Invite Chess"]
[Site "Gilleleje"]
[Date "2020.01.17"]
[Round "6.3"]
[White "Hector, Jonny"]
[Black "Sylvan, Jacob"]
[Result "1/2-1/2"]
[WhiteElo "2481"]
[BlackElo "2325"]
[PlyCount "190"]
[EventDate "2020.01.??"]
[EventType "tourn"]
[EventRounds "9"]
[EventCountry "DEN"]

1. e4 c5 2. Nf3 Nc6 3. d4 cxd4 4. Nxd4 Nf6 5. Nc3 e5 6. Ndb5 d6 7. Bg5 a6 8.
Na3 b5 9. Bxf6 gxf6 10. Nd5 Bg7 11. g4 Ne7 12. Rg1 Nxd5 13. Qxd5 Be6 14. Qd2 d5
15. exd5 Qxd5 16. Qxd5 Bxd5 17. c4 bxc4 18. Bxc4 Be4 19. Rd1 Bf8 20. Rg3 Bb4+
21. Ke2 O-O 22. Bd5 Bxd5 23. Rxd5 Rfd8 24. Rxd8+ Rxd8 25. Rb3 Rd4 26. Nc2 Rd2+
27. Ke3 Rxc2 28. Rxb4 Kg7 29. Rb6 a5 30. a3 a4 31. h4 h5 32. gxh5 Kh6 33. Rxf6+
Kxh5 34. Rf5+ Kxh4 35. Rxe5 Rxb2 36. Re4+ Kg5 37. Rxa4 Rb3+ 38. Ke2 f5 39. Kf1
f4 40. Kg2 Kg4 41. Ra8 f3+ 42. Kh2 Rb2 43. Ra4+ Kg5 44. Kg3 Rb3 45. Rg4+ Kh5
46. a4 Ra3 47. Rb4 Kg6 48. Kf4 Kh5 49. Kg3 Kg6 50. Kg4 Kf6 51. Rb6+ Ke5 52. Ra6
Ke4 53. Rf6 Ke5 54. Rf4 Ke6 55. Rd4 Ke5 56. Rb4 Kd5 57. Kf4 Kc5 58. Rb5+ Kc6
59. Ra5 Kb6 60. Ra8 Kb7 61. Rd8 Rxa4+ 62. Kxf3 Kc7 63. Rd2 Ra8 64. Rd5 Kc6 65.
Rd4 Kc5 66. Rd2 Rf8+ 67. Kg4 Rg8+ 68. Kf5 Rf8+ 69. Ke6 Kc4 70. Ke5 Re8+ 71. Kf4
Rf8+ 72. Kg3 Rg8+ 73. Kh3 Rf8 74. Kg2 Rg8+ 75. Kf1 Rf8 76. Rd7 Kc5 77. Rd3 Kc4
78. Rd6 Kc5 79. Rd7 Kc4 80. Kg2 Rg8+ 81. Kh3 Rf8 82. Rd2 Kc3 83. Ra2 Kd4 84.
Re2 Rh8+ 85. Kg2 Rg8+ 86. Kf1 Rf8 87. Re3 Kd5 88. Ke2 Kd4 89. Re7 Kd5 90. Ke3
Kd6 91. Re4 Rf5 92. f4 Rf6 93. Kf3 Re6 94. Rxe6+ Kxe6 95. f5+ Kxf5 1/2-1/2

[Event "Xtracon Invite Chess"]
[Site "Gilleleje"]
[Date "2020.01.17"]
[Round "6.4"]
[White "Antonsen, Mikkel"]
[Black "Sveshnikov, Evgeny"]
[Result "1-0"]
[WhiteElo "2384"]
[BlackElo "2483"]
[PlyCount "165"]
[EventDate "2020.01.??"]
[EventType "tourn"]
[EventRounds "9"]
[EventCountry "DEN"]

1. d4 d5 2. c4 e6 3. Nf3 Nf6 4. g3 dxc4 5. Bg2 c5 6. O-O Nc6 7. Qa4 Bd7 8. dxc5
Na5 9. Qa3 Rc8 10. Be3 Nd5 11. Bd4 Nc6 12. e3 b6 13. Nc3 Nxc3 14. Qxc3 Nxd4 15.
exd4 bxc5 16. Ne5 cxd4 17. Qxd4 Bc5 18. Qc3 Ba4 19. Nxc4 O-O 20. Rac1 Qe7 21.
Qa5 Be8 22. a3 Qf6 23. Rc2 Bd4 24. b4 e5 25. Rfc1 Bd7 26. Ne3 Rxc2 27. Rxc2 Be6
28. Qa6 Qg6 29. Qe2 h5 30. Nd5 Re8 31. Be4 f5 32. Bf3 Bf7 33. Rc8 Kf8 34. Rxe8+
Bxe8 35. Nc7 Bf7 36. Nb5 Qb6 37. Nxd4 Qxd4 38. Bxh5 g6 39. Bf3 e4 40. Qd1 Qc3
41. Be2 Qxa3 42. Qd8+ Kg7 43. Qd4+ Kg8 44. h4 Qc1+ 45. Bf1 Qc7 46. b5 Qe7 47.
Kh2 Kh7 48. Kg1 Be8 49. Bc4 Bf7 50. Be2 Be8 51. Qd5 Bf7 52. Qc6 Be8 53. Qc8 Bf7
54. h5 Be8 55. Kh2 Bf7 56. hxg6+ Bxg6 57. Bc4 Qf6 58. Qg8+ Kh6 59. Qb8 Qd4 60.
Qf4+ Kg7 61. Bf1 Qc5 62. Kh3 Be8 63. Qg5+ Bg6 64. Kg2 Qe5 65. Qe3 Qe7 66. Be2
Bf7 67. Qf4 Bg6 68. Kh3 Bh7 69. Bc4 Bg6 70. Bd5 Be8 71. Bc6 Bf7 72. Kh2 Bg6 73.
Kg2 Qf7 74. Qe5+ Qf6 75. Qc7+ Qf7 76. Bd7 f4 77. gxf4 Kh6 78. Qxa7 Bh5 79. Qb6+
Kh7 80. Qe6 Qg7+ 81. Kh2 Qd4 82. Qe7+ Kh8 83. Qe5+ 1-0

[Event "Xtracon Invite Chess"]
[Site "Gilleleje"]
[Date "2020.01.17"]
[Round "6.5"]
[White "Olsen, Filip Boe"]
[Black "Kristensen, Kaare Hove"]
[Result "1/2-1/2"]
[WhiteElo "2353"]
[BlackElo "2350"]
[PlyCount "58"]
[EventDate "2020.01.??"]
[EventType "tourn"]
[EventRounds "9"]
[EventCountry "DEN"]

1. d4 Nf6 2. Nf3 b6 3. g3 Bb7 4. Bg2 c5 5. dxc5 bxc5 6. c4 g6 7. O-O Bg7 8. Nc3
O-O 9. Re1 d6 10. e4 Nfd7 11. e5 dxe5 12. Nxe5 Bxg2 13. Nxd7 Nxd7 14. Kxg2 Ne5
15. Qxd8 Rfxd8 16. Rb1 e6 17. Bg5 Rdc8 18. Na4 Nxc4 19. Rec1 h6 20. Rxc4 hxg5
21. Rbc1 Rd8 22. Rxc5 Rd2 23. R1c2 Rad8 24. Rc8 Kh7 25. Rxd8 Rxc2 26. Rd7 Kg8
27. Rd8+ Kh7 28. Rd7 Kg8 29. Rd8+ Kh7 1/2-1/2

[Event "Xtracon Invite Chess"]
[Site "Gilleleje"]
[Date "2020.01.17"]
[Round "7.1"]
[White "Berkes, Ferenc"]
[Black "Antonsen, Mikkel"]
[Result "1-0"]
[WhiteElo "2649"]
[BlackElo "2384"]
[PlyCount "81"]
[EventDate "2020.01.??"]
[EventType "tourn"]
[EventRounds "9"]
[EventCountry "DEN"]

1. d4 d5 2. Nf3 Nf6 3. c4 e6 4. g3 Be7 5. Bg2 O-O 6. O-O dxc4 7. Qa4 a6 8. Qxc4
b5 9. Qc2 Bb7 10. Bd2 Bd6 11. Re1 Nbd7 12. e4 e5 13. Ba5 Re8 14. Nbd2 exd4 15.
Nxd4 Qc8 16. Nf5 g6 17. Nxd6 cxd6 18. Qd3 Ne5 19. Qxd6 Qe6 20. Qxe6 Rxe6 21.
Bc3 Nfd7 22. Nb3 Nd3 23. Red1 N7c5 24. Na5 Bxe4 25. b4 Bxg2 26. bxc5 Be4 27. f3
Nxc5 28. fxe4 Nxe4 29. Bb4 Ng5 30. h4 Nf3+ 31. Kg2 Ne5 32. Rd6 Rxd6 33. Bxd6
Ng4 34. Kf3 f5 35. Re1 Rc8 36. Bb4 Rc2 37. Re2 Nh2+ 38. Kf2 Ng4+ 39. Kf1 Rc1+
40. Kg2 Kf7 41. Nb7 1-0